|
|
|
|
| LEADER |
00000nab a2200000 ar4500 |
| 001 |
vtls008628991 |
| 003 |
SK-MaSNL |
| 005 |
20260304001716.0 |
| 008 |
200612c2006 xo wr|p|||||||000 b|slo |
| 038 |
|
|
|a PPPK
|
| 040 |
|
|
|a PPPKCL
|b slo
|c PPPKCL
|e AACR2
|
| 041 |
0 |
|
|a slo
|
| 044 |
|
|
|a xo
|c SK
|
| 080 |
|
|
|a 614.842.83
|2 1997
|
| 080 |
|
|
|a 021.9
|2 1997
|
| 080 |
|
|
|a 06.063
|2 1997
|
| 245 |
0 |
0 |
|a Dostali novú techniku
|c [autor] (bel)
|
| 300 |
|
|
|b Fotogr.
|
| 500 |
|
|
|a Okresné riaditeľstvo Hasičského a záchranného zboru v Poprade dostalo do užívania špeciálne terénne vozidlo na likvidáciu lesných požiarov symbolickým odovzdaním kľúča od predsedu vlády SR Mikuláša Dzurindu
|
| 610 |
2 |
7 |
|a Slovensko.
|b Hasičský a záchranný zbor Poprad
|2 pppkcl
|9 113901
|
| 650 |
0 |
7 |
|a hasiči
|2 pppkcl
|9 1505
|
| 650 |
0 |
7 |
|a granty
|2 pppkcl
|9 5000
|
| 651 |
|
7 |
|a Poprad (Slovensko)
|2 pppkcl
|9 20155
|
| 773 |
0 |
|
|t Podtatranské noviny
|g Roč. XLVI, č. 1 (2006), s. 2
|
| 852 |
|
|
|a PPPK
|b KIS3GCP
|
| 999 |
|
|
|c 2538321
|d 2540251
|